Allyn & Bacon casebook series. Mental health /

Bibliographic Details
Other Authors: Johnson, Jerry L., 1957-, Grant, George, Jr
Format: Book
Language:English
Published: Boston : Pearson/Allyn & Bacon, [2005]
Subjects:

MARC

Tag First Indicator Second Indicator Subfields
LEADER 00000cam a22000004a 4500
001 in00002021021
005 20151101050327.0
008 040714s2005 mau b 000 0 eng
010 |a  2004056835 
020 |a 0205389473 (pbk.) 
035 |a (OCoLC)ocm55982156 
040 |a DLC  |c DLC  |d CUY  |d TXA  |d UtOrBLW 
042 |a pcc 
049 |a TXAM 
050 0 0 |a HV689  |b .A52 2005 
082 0 0 |a 362.2/0425  |2 22 
245 0 0 |a Allyn & Bacon casebook series.  |p Mental health /  |c edited by Jerry L. Johnson, George Grant, Jr. 
246 3 |a Allyn and Bacon casebook series.  |p Mental health 
246 3 0 |a Casebook series for mental health 
264 1 |a Boston :  |b Pearson/Allyn & Bacon,  |c [2005] 
264 4 |c ©2005 
300 |a xii, 126 pages ;  |c 23 cm. 
336 |a text  |b txt  |2 rdacontent 
337 |a unmediated  |b n  |2 rdamedia 
338 |a volume  |b nc  |2 rdacarrier 
504 |a Includes bibliographical references. 
650 0 |a Psychiatric social work  |v Case studies. 
650 0 |a Social case work. 
700 1 |a Johnson, Jerry L.,  |d 1957- 
700 1 |a Grant, George,  |c Jr. 
948 |a cataloged  |b h  |c 2005/2/25  |d c  |e ceaton  |f 12:52:31 pm 
994 |a C0  |b TXA 
999 |a MARS 
999 f f |s 93185cef-dd6e-3560-aa31-61b508b7ded3  |i a474397e-0e10-32bd-a912-7e99c7a95bc1  |t 0 
952 f f |p normal  |a Texas A&M University  |b College Station  |c Sterling C. Evans Library  |d Evans: Library Stacks  |t 0  |e HV689 .A52 2005  |h Library of Congress classification  |i unmediated -- volume  |m A14832304649 
998 f f |a HV689 .A52 2005  |t 0  |l Evans: Library Stacks